Masculinity in the modern west : gender, civilization and the body

Αποθηκεύτηκε σε:
Λεπτομέρειες βιβλιογραφικής εγγραφής
Κύριος συγγραφέας: Forth, Christopher E.
Μορφή: Βιβλίο
Γλώσσα:English
Δημοσίευση: Basingstoke : Palgrave Macmillan, 2008
Θέματα:
Ετικέτες: Προσθήκη ετικέτας
Δεν υπάρχουν, Καταχωρήστε ετικέτα πρώτοι!

MARC

LEADER 00000cam a2200000 i 4500
001 1/4490
008 100216s2008 eng d
020 |a 978-1-4039-1241-1 (pbk.) 
020 |a 1-4039-1241-6 (pbk.) 
035 |l 10106794 
040 |a GR-MY-UA  |b gre  |e aacr 
041 0 |a eng 
082 0 |a 305.31  |2 (22) 
100 1 |a Forth, Christopher E. 
245 1 0 |a Masculinity in the modern west :  |b gender, civilization and the body /  |c Christopher E. Forth 
260 |a Basingstoke :   |b Palgrave Macmillan,   |c 2008 
300 |a xi, 285 σ.;  |b εικ.;  |c 24 εκ. 
504 |a Περιέχει βιβλιογραφικές παραπομπές και ευρετήριο 
650 0 0 |a Human body  |x Social aspects. 
650 0 0 |a Masculinity. 
650 0 0 |a Men  |x Identity. 
852 |a INST  |b LESVOS  |e 20100216  |h 305.31 FOR  |p 005100045756  |q 005100045756  |t BK  |y 0 
901 |a BIBL1-2010-1 
909 |a Λ  |b 162745 
970 |a ΓΙΑΛΑΜΑ  |b ΜΑΡΙΑ  |z 2010/02/16